Bullion: publication of the central bank of nigeria (Record no. 38106)

MARC details
000 -LEADER
fixed length control field 00476nam a2200157Ia 4500
022 ## - INTERNATIONAL STANDARD SERIAL NUMBER
ISSN 03317919
050 ## - CALL MARK
Classification number HG 3431. A7 B84/
245 #0 - TITLE STATEMENT
Title Bullion: publication of the central bank of nigeria
260 ## - PUBLICATION, DISTRIBUTION, ETC. (IMPRINT)
Name of publisher Central Bank of Nigeria
260 ## - PUBLICATION, DISTRIBUTION, ETC. (IMPRINT)
Year of publication 2011
300 ## - PHYSICAL DESCRIPTION
Number of Pages 111 p. : ill. ; 30 cm.
650 ## - SUBJECT ADDED ENTRY--TOPICAL TERM
Topical Term Central Bank of Nigeria--Periodicals. Monetary policy--Nigeria--Periodicals.
942 ## - ADDED ENTRY ELEMENTS (KOHA)
Koha item type Serials

No items available.